Evaluación de las aguas de la laguna de Tiscapa y propuestas para su recuperación.

Analiza la situación ambiental de uno de los recursos hídricos que forman parte, no solo de nuestra historia nacional, sino de la vida cotidiana de todos los capitalinos: la laguna de Tiscapa, la cual es una víctima más de la contaminación urbana, mediante herramientas científica-técnica se r...

Full description

Bibliographic Details
Main Authors: Robleto Flores, Roger Antonio, Zapata Bustamante, Mario Antonio
Other Authors: Tutor: Korsak, Larisa
Format: Tesis Section = Libro
Language:Undetermined
Spanish
Published: Managua UNI 2001
Subjects:
LEADER 01305nam a2200265Ia 4500
008 240830s9999 xx 000 0 und d
040 |a BIBLIOTECA-RUSB/ Mon 628.1682 R659 
041 |a spa 
082 |a Mon 628.1682 R659 
100 1 |a Robleto Flores, Roger Antonio 
100 1 |b Zapata Bustamante, Mario Antonio 
245 1 0 |a Evaluación de las aguas de la laguna de Tiscapa y propuestas para su recuperación. 
260 |a Managua  |b UNI  |c 2001 
300 |a 145 p. :il. 
500 |a Contiene: anexos. 
502 |a Tesis (Ingeniero Químico) - UNI, 2001. 
520 3 |a Analiza la situación ambiental de uno de los recursos hídricos que forman parte, no solo de nuestra historia nacional, sino de la vida cotidiana de todos los capitalinos: la laguna de Tiscapa, la cual es una víctima más de la contaminación urbana, mediante herramientas científica-técnica se realiza en base a métodos cuantitativos y cualitativos que evidencian en qué estado se encuentran este recurso natural. 
650 7 |a CONTAMINACION DE AGUAS NEGRAS Y DESECHOS 
650 7 |b  CALIDAD DE AGUA - LAGUNA TISCAPA 
650 7 |c  CONTAMINACION Y MEDIDAS PARA PREVENIRLAS 
650 7 |d  CONTAMINACION - LAGUNA DE TISCAPA 
700 1 |a Tutor:  |b Korsak, Larisa 
942 |c BK  |2 ddc 
991 |a TESIS 
999 |c 20454